| 000 | 00437nam a2200181Ia 4500 | ||
|---|---|---|---|
| 008 | 221030s9999 xx 000 0 und d | ||
| 020 | _a8178087944 | ||
| 041 | _aEnglish | ||
| 082 |
_a105.23 _bHea |
||
| 100 | _aD. Hearn | ||
| 245 | 0 |
_aComputer Graphics _cby D. Hearn, M. P. Baker |
|
| 250 | _a2nd | ||
| 260 |
_bPearson Edcuation _aNew Delhi _c2004 |
||
| 300 | _a2004 | ||
| 650 | _aBE Computer | ||
| 700 | _aM. P. Baker | ||
| 942 | _cBK | ||
| 999 |
_c2077 _d2077 |
||